Top 100 Dallas Cowboys of All Time - Statistics

General Stats
  • This quiz has been taken 96 times
  • The average score is 36 of 100
Answer Stats
Position Player % Correct
QB Troy Aikman
96%
RB Emmitt Smith
94%
LT Tyron Smith
93%
CB Kevin Smith
92%
QB Roger Staubach
92%
QB Tony Romo
90%
WR Michael Irvin
89%
QB Dak Prescott
87%
RB Ezekiel Elliott
79%
WR Drew Pearson
77%
CB Deion Sanders
76%
RG Zack Martin
76%
DE Harvey Martin
75%
RB Tony Dorsett
75%
WR Dez Bryant
73%
LG Larry Allen
73%
DE Ed "Too Tall" Jones
72%
TE Jason Witten
72%
DT Randy White
68%
QB Danny White
66%
OLB DeMarcus Ware
65%
RT Erik Williams
61%
SS Roy Williams
61%
DT Bob Lilly
59%
SS Darren Woodson
52%
RB DeMarco Murray
51%
QB Don Meredith
49%
WR Bob Hayes
45%
K Dan Bailey
45%
RB Herschel Walker
45%
WR Terrell Owens
44%
CB Mel Renfro
42%
C Travis Frederick
42%
DE Charles Haley
41%
RB Calvin Hill
39%
TE Jay Novacek
39%
LB Sean Lee
39%
WR Tony Hill
39%
FB Daryl Johnston
38%
DE DeMarcus Lawrence
38%
LB Chuck Howley
37%
RT Jim Cooper
37%
LG Nate Newton
37%
FS Cliff Harris
35%
CB Everson Walls
35%
C Mark Stepnoski
34%
QB Craig Morton
32%
MLB Lee Roy Jordan
32%
CB Larry Brown
31%
RT Rayfield Wright
31%
WR Miles Austin
30%
SS Charlie Waters
27%
DT Leon Lett
27%
RB Marion Barber
27%
CB Cornell Green
24%
LT Mark Tuinei
24%
CB Terence Newman
24%
LT Flozell Adams
23%
RB Robert Newhouse
21%
TE Billy Joe DuPree
20%
WR Cole Beasley
20%
LB D.D Lewis
20%
FB Walt Garrison
20%
DB Bill Bates
18%
K Rafael Septien
17%
C Andre Gurode
15%
RB Dan Reeves
15%
FB Don Perkins
15%
OL Ralph Neely
15%
DE Tony Tolbert
15%
MLB Bob Breunig
14%
LB Dave Edwards
14%
NT Jay Ratliff
14%
DT Jethro Pugh
14%
DE Jim Jeffcoat
14%
DB Mark Washington
14%
LB Bradie James
13%
LB Dexter Coakley
13%
T Doug Free
13%
DE Greg Ellis
13%
LG John Niland
13%
LT Pat Donovan
13%
RG Kevin Gogan
11%
DE George Andrie
10%
LG Herbert Scott
10%
DT La'Roi Glover
10%
DB Dennis Thurman
8%
DE Larry Cole
8%
LS L.P Ladouceur
8%
RG Blaine Nye
7%
C Dave Manders
7%
DT John Dutton
7%
C Tom Rafferty
7%
WR Frank Clarke
6%
C John Fitzgerald
6%
WR Lance Rentzel
6%
MLB Eugene Lockhart
4%
FS Michael Downs
4%
LB Mike Hegman
4%
C Mike Connelly
1%
No matching quizzes found
Score Distribution
Percent of People with Each Score
Percentile by Number Answered
Your Score History
You have not taken this quiz